Learning Resource and Development

Schaum's outlines : (Record no. 26621)

MARC details
000 -LEADER
fixed length control field 03741nam a2200349 i 4500
003 - CONTROL NUMBER IDENTIFIER
control field CSPC
005 - DATE AND TIME OF LATEST TRANSACTION
control field 20231207173235.0
008 - FIXED-LENGTH DATA ELEMENTS--GENERAL INFORMATION
fixed length control field 231201s2021 nyua 000 0 eng
010 ## - LIBRARY OF CONGRESS CONTROL NUMBER
LC control number 2022513580
020 ## - INTERNATIONAL STANDARD BOOK NUMBER
International Standard Book Number 9781260462807
Qualifying information (paperback)
040 ## - CATALOGING SOURCE
Transcribing agency CSPC
Original cataloging agency CSPC
Language of cataloging eng
050 00 - LIBRARY OF CONGRESS CALL NUMBER
Classification number PC4121
Item number .S36 2021
082 00 - DEWEY DECIMAL CLASSIFICATION NUMBER
Edition number 23
Classification number 468.2421
Item number Sch564s
100 1# - MAIN ENTRY--PERSONAL NAME
Personal name Schmitt, Conrad J.,
Relator term author.
245 10 - TITLE STATEMENT
Title Schaum's outlines :
Remainder of title Spanish vocabulary /
Statement of responsibility, etc. Conrad J. Schmitt.
246 30 - VARYING FORM OF TITLE
Title proper/short title Spanish vocabulary
250 ## - EDITION STATEMENT
Edition statement Fifth edition
264 #1 - PRODUCTION, PUBLICATION, DISTRIBUTION, MANUFACTURE, AND COPYRIGHT NOTICE
Place of production, publication, distribution, manufacture New York :
Name of producer, publisher, distributor, manufacturer McGraw-Hill Education,
Date of production, publication, distribution, manufacture, or copyright notice 2021.
300 ## - PHYSICAL DESCRIPTION
Extent xii, 285 pages :
Other physical details illustrations ;
Dimensions 28 cm.
336 ## - CONTENT TYPE
Source rdacontent
Content type term text
337 ## - MEDIA TYPE
Source rdamedia
Media type term unmediated
338 ## - CARRIER TYPE
Source rdacarrier
Carrier type term volume
490 1# - SERIES STATEMENT
Series statement Schaum's outline series
505 0# - FORMATTED CONTENTS NOTE
Formatted contents note Air travel : viajando en avión -- On the airplane : en el avión -- Security control, passport control and customs : el control de seguridad, control de pasaportes y la aduana -- At the train station : en la estación de ferrocarril -- The automobile : el automóvil -- Asking for directions : pidiendo direcciones -- Making a phone or cell phone call : haciendo una llamada telefónica o celular -- Public bathroom : el lavatorio público -- At the hotel : en el hotel -- At the bank : en el banco -- At the post office : en el correo -- At the hairdresser's : en la peluquería -- At the clothing store : en la tienda de ropa -- At the dry cleaner's : en la tintorería -- At the restaurant : en el restaurante -- Shopping for food : comprando los comestibles -- At home : en casa, el hogar -- At the doctor's/dentist's office : en la consulta de médico/dentista -- At the hospital : en el hospital -- At the theater and the movies : en el teatro y en el cine -- Sports : los deportes -- The beach : la playa -- Skiing : el esquí -- Camping : el camping -- The weather : el tiempo -- Crime : delitos y crímenes -- Education : la educación -- Business : el comercio -- The computer : la computadora -- Government and politics : el gobierno y la política -- Days of the week : los días de la semana -- Months of the year and dates : los meses del año y las fechas -- Time and expressions of time : la hora y expresiones de tiempo -- Spanish-speaking countries and nationalities : países y nacionalidades de habla española -- Numbers : los números -- Foods : las comidas -- Answers to exercises : respuestas a los ejercicios -- Key words: English/Spanish : palabras importantes: inglés/español -- Glossary: English/Spanish : glosario: inglés/español -- Glossary: Spanish/English : glosario: español/inglés -- Companion audio recording.
520 ## - SUMMARY, ETC.
Summary, etc. More than 40 million students have trusted Schaum's to help them succeed in the classroom and on exams. Schaum's is the key to faster learning and higher grades in every subject. Each Outline presents all the essential course information in an easy-to-follow, topic-by-topic format. You also get hundreds of examples, solved problems, and practice exercises to test your skills. This Schaum's Outline gives you: 251 practice exercises with answers to reinforce your mastery of Spanish vocabulary, Easy-to-follow review of Spanish vocabulary, The latest terms and vocabulary that Spanish speakers use today, Support for all major textbooks for courses in Spanish vocabulary.
650 #0 - SUBJECT ADDED ENTRY--TOPICAL TERM
Topical term or geographic name entry element Spanish language
General subdivision Vocabulary.
650 #0 - SUBJECT ADDED ENTRY--TOPICAL TERM
Topical term or geographic name entry element Spanish language
Form subdivision Conversation and phrase books
General subdivision English.
650 #0 - SUBJECT ADDED ENTRY--TOPICAL TERM
Topical term or geographic name entry element Spanish language
Form subdivision Textbooks for foreign speakers
General subdivision English.
830 #0 - SERIES ADDED ENTRY--UNIFORM TITLE
Uniform title Schaum's outline series.
942 ## - ADDED ENTRY ELEMENTS (KOHA)
Source of classification or shelving scheme Dewey Decimal Classification
Koha item type Books
Classification part 468.2421
Call number prefix CIR
Call number suffix 2021
Suppress in OPAC No
Holdings
Withdrawn status Lost status Source of classification or shelving scheme Damaged status Not for loan Home library Current library Shelving location Date acquired Total Checkouts Full call number Barcode Date last seen Copy number Price effective from Koha item type
    Dewey Decimal Classification     Main Library Main Library Circulation Section 12/01/2023   CIR 468.2421 Sch564s 2021 026439 12/01/2023 1-1 12/01/2023 Books